000 00259nam a2200121Ia 4500
100 _aCIMI-DGET
942 _cBK
245 _aTool & Die Maker IIird Year Press Tool Practical.
260 _bCIMI
_aChennai
300 _a119
546 _aENGLISH
999 _c19963
_d19963